00495pam a2200181 a 4500020003200000020003500032082001200067100001900079245002700098250001200125260004100137300003200178650001600210650001700226650002600243700002300269700002100292 a0256245681 (acidfree paper) a0072897732 (Business Week ed.)00a657 LIB1 aLibby, Robert.10aFinancial accounting / a2nd ed. aBoston :bIrwin/McGraw-Hill,cc1998. axliv, 815 p. :bcol. ill. ; 0aAccounting. 0aCorporations 0aFinancial statements.1 aLibby, Patricia A.1 aShort, Daniel G.